000 00467nam a2200145Ia 4500
008 211109s9999||||xx |||||||||||||| ||und||
082 _a894.8122
_bKOC-M
100 _aKocheeppan Therekan, P
245 0 _aMariyamma(drama)
260 _bN B S Book Shop
_aEkm, Bn 3125
_c1976
300 _a160
630 _xPost Graduate Reference
650 _a Literature & rhetoric
_vLiteratures of other languages
_xAltaic, Uralic, Hyperborean & Dravidian Malayalam
942 _cBOOK
999 _c65175
_d65175